[Event "Mestre Cipressina op-B 5th"]
[Site "Mestre"]
[Date "2016.11.27"]
[Round "4"]
[White "Pompele, Andrea"]
[Black "Venanzi, Cesare"]
[Result "1-0"]
[WhiteElo "1298"]
[BlackElo "1440"]
[PlyCount "75"]
[EventDate "2016.11.25"]
[EventType "swiss"]
[EventRounds "5"]
[EventCountry "ITA"]
[SourceTitle "EXT 2022"]
[Source "ChessBase"]
[SourceDate "2021.10.06"]
[SourceVersion "1"]
[SourceVersionDate "2021.10.06"]
[SourceQuality "1"]

1. e4 e5 2. Nf3 Nc6 3. d4 exd4 4. Bc4 Bc5 5. 0-0 Nf6 6. e5 Ne4 7. Re1 Na5 8. Bd3 d5 9. exd6 0-0 10. Bxe4 Qxd6 11. Ng5 f5 12. Bd3 Nc6 13. Qh5 Qg6 14. Qxg6 hxg6 15. Bf4 Bd6 16. Bxd6 cxd6 17. Nd2 Ne5 18. Ndf3 Nxd3 19. cxd3 b5 20. Nxd4 b4 21. Re7 Bb7 22. Rxb7 Rae8 23. Nde6 Rxe6 24. Nxe6 Rf7 25. Rxf7 Kxf7 26. Re1 a5 27. b3 g5 28. Nd4 f4 29. Nc6 Kf6 30. Nxa5 Kf5 31. Nc6 g4 32. Nxb4 g5 33. a4 g3 34. hxg3 g4 35. gxf4 Kxf4 36. a5 g3 37. fxg3+ Kxg3 38. a6 1-0